000 00552nam a2200217Ia 4500
003 GCL
008 140319s9999 xx 000 0 eng d
040 _aGCL /
_cGCL
082 0 4 _a338.5024658
_bR T
100 1 _aREEKIE, W.D.
245 1 0 _aTHE ECONOMICS OF MODERN BUSINESS /
_cREEKIE, W.D.
700 1 _aALLEN, D.E.
700 1 _aCROOK, H,N.
260 _a[S.N] :
_bBLACKWELL BUSINESS
300 _a405 P
650 0 4 _aMICRO ECONOMICS
650 0 4 _aECONOMICS
650 0 4 _aGREAT BRITAIN
650 0 4 _aBUSINESS ENTERPRISES
942 _2ddc
_cBK
999 _c17149
_d17149